Go Lang in Depth (Record no. 13316)

MARC details
000 -LEADER
fixed length control field 00351nam a22001577a 4500
003 - CONTROL NUMBER IDENTIFIER
control field OSt
008 - FIXED-LENGTH DATA ELEMENTS--GENERAL INFORMATION
fixed length control field 250417b |||||||| |||| 00| 0 eng d
020 ## - INTERNATIONAL STANDARD BOOK NUMBER
International Standard Book Number 9789365894806
082 ## - DEWEY DECIMAL CLASSIFICATION NUMBER
Classification number 005.133 KOG
100 ## - MAIN ENTRY--PERSONAL NAME
Personal name KOMMADI,Bhagvan
245 ## - TITLE STATEMENT
Title Go Lang in Depth
250 ## - EDITION STATEMENT
Edition statement 1st Ed
260 ## - PUBLICATION, DISTRIBUTION, ETC. (IMPRINT)
Place of publication, distribution, etc New Delhi
Name of publisher, distributor, etc BPB
Date of publication, distribution, etc 2025
300 ## - PHYSICAL DESCRIPTION
Extent 416
942 ## - ADDED ENTRY ELEMENTS (KOHA)
Source of classification or shelving scheme Dewey Decimal Classification
Koha item type Text Books
Holdings
Withdrawn status Lost status Source of classification or shelving scheme Damaged status Not for loan Collection code Home library Current library Date acquired Source of acquisition Currency Cost, normal purchase price Bill Number Total Checkouts Full call number Acc. no. / Barcode Date last seen Actual Cost, discounted price Bill Date Koha item type
    Dewey Decimal Classification     Computer Science and Engineering in AI & Data Science PIET C-LIBRARY PIET C-LIBRARY 11/04/2025 Zaffa Books INR 999.00 ZBD0037   005.133 KOG 39177 17/04/2025 729.27 11/04/2025 Text Books
    Dewey Decimal Classification     Computer Science and Engineering in AI & Data Science PIET C-LIBRARY PIET C-LIBRARY 11/04/2025 Zaffa Books INR 999.00 ZBD0037   005.133 KOG 39178 17/04/2025 729.27 11/04/2025 Text Books
    Dewey Decimal Classification     Computer Science and Engineering in AI & Data Science PIET C-LIBRARY PIET C-LIBRARY 11/04/2025 Zaffa Books INR 999.00 ZBD0037   005.133 KOG 39179 17/04/2025 729.27 11/04/2025 Text Books
    Dewey Decimal Classification     Computer Science and Engineering in AI & Data Science PIET C-LIBRARY PIET C-LIBRARY 11/04/2025 Zaffa Books INR 999.00 ZBD0037   005.133 KOG 39180 17/04/2025 729.27 11/04/2025 Text Books
    Dewey Decimal Classification     Computer Science and Engineering in AI & Data Science PIET C-LIBRARY PIET C-LIBRARY 11/04/2025 Zaffa Books INR 999.00 ZBD0037   005.133 KOG 39181 17/04/2025 729.27 11/04/2025 Text Books

Design & Developed by: PIET Central Library
R70 Miles Stone Pattikalyana Samalkha Panipat 132102
mail ID :- [email protected], Phone No:- 0180-2569700 Ex.216